[Event "World ol U16"]
[Site "Eindhoven"]
[Date "2023.08.17"]
[Round "8.27"]
[White "Hsu, Che"]
[Black "Tatsumi, Kai"]
[Result "1/2-1/2"]
[WhiteElo "1505"]
[BlackElo "1154"]
[PlyCount "108"]
[EventDate "2023.08.13"]
[EventType "team-swiss"]
[EventRounds "9"]
[EventCountry "NED"]
[SourceTitle "CBM 215 Extra"]
[Source "ChessBase"]
[SourceDate "2023.09.30"]
[SourceVersion "1"]
[SourceVersionDate "2023.09.30"]
[SourceQuality "1"]
[WhiteTeam "Chinese Taipei II"]
[BlackTeam "Japan"]
[WhiteTeamCountry "TPE"]
[BlackTeamCountry "JPN"]

1. e4 c6 2. d4 d5 3. Nc3 dxe4 4. Nxe4 Nf6 5. Nxf6+ exf6 6. Bc4 Bd6 7. Ne2 0-0 8. 0-0 Bf5 9. Ng3 Bg6 10. c3 Nd7 11. Qf3 Re8 12. Bd2 Nb6 13. Bb3 Qd7 14. Rfe1 Rac8 15. Ne4 Bxe4 16. Rxe4 Rxe4 17. Qxe4 Re8 18. Qd3 c5 19. Bc2 g6 20. dxc5 Bxc5 21. Qxd7 Nxd7 22. Re1 Rxe1+ 23. Bxe1 Ne5 24. b4 Bd6 25. Be4 b6 26. f3 f5 27. Bc2 Nc4 28. a4 a6 29. g3 Be5 30. f4 Bf6 31. Kf2 Kf8 32. Ke2 Ke7 33. Kd3 Nd6 34. Bf2 b5 35. Bc5 Kd7 36. Bxd6 Kxd6 37. axb5 axb5 38. Bb3 Bd8 39. Bxf7 Bb6 40. Bg8 h6 41. Bh7 Bg1 42. Bxg6 Bxh2 43. Bxf5 Bxg3 44. Bg6 Ke7 45. f5 Be5 46. c4 bxc4+ 47. Kxc4 Kf6 48. Kd5 h5 49. Bxh5 Kxf5 50. Kc6 Bf4 51. Be8 Be3 52. b5 Ke6 53. Bd7+ Ke5 54. Bh3 Kf6 1/2-1/2